[Event "29th Czech Rapid G1 2018"]
[Site "Pardubice CZE"]
[Date "2018.07.19"]
[Round "8.13"]
[White "Turner, Jan"]
[Black "Vorobiov, Evgeny E."]
[Result "0-1"]
[BlackTitle "GM"]
[WhiteElo "2348"]
[BlackElo "2564"]
[WhiteFideId "308560"]
[BlackFideId "4121341"]
[EventDate "2018.07.18"]

1. b3 e5 2. Bb2 d6 3. d4 Nd7 4. e3 g6 5. Nf3 Bg7 6. c4 e4 7. Nfd2 f5 8. Nc3 Ndf6
9. g3 Nh6 10. Ne2 O-O 11. h4 Nhg4 12. Nf4 c6 13. d5 Nxf2 14. Bxf6 Qxf6 15. Kxf2
Qxa1 16. Qxa1 Bxa1 17. c5 Be5 18. Nc4 Bxf4 19. gxf4 dxc5 20. dxc6 bxc6 21. Ne5
Be6 22. h5 Kg7 23. hxg6 hxg6 24. Rg1 Rf6 25. Be2 a5 26. Rc1 a4 27. Rxc5 axb3 28.
axb3 Bxb3 29. Rc1 Bd5 30. Rb1 Ra7 31. Rg1 Re6 32. Rg3 Rxe5 33. fxe5 Re7 34. Rg5
Rxe5 35. Kg3 Kf6 36. Kf4 Re8 0-1

[Event "29th Czech Rapid G1 2018"]
[Site "Pardubice CZE"]
[Date "2018.07.19"]
[Round "8.14"]
[White "Lalic, Bogdan"]
[Black "Kathmale, Sameer"]
[Result "1/2-1/2"]
[WhiteTitle "GM"]
[BlackTitle "IM"]
[WhiteElo "2394"]
[BlackElo "2323"]
[WhiteFideId "409081"]
[BlackFideId "5024498"]
[EventDate "2018.07.18"]

1. c4 e5 2. Nc3 Nc6 3. Nf3 d6 4. d4 exd4 5. Nxd4 Nf6 6. g3 Ne5 7. Bg2 Be7 8. O-O
O-O 9. b3 Re8 10. Bb2 Bf8 11. h3 h6 12. Qc2 Rb8 13. Rad1 Bd7 14. e4 Qc8 15. Kh2
a6 16. Nd5 Nxd5 17. cxd5 c5 18. dxc6 Nxc6 19. Qd2 Nxd4 20. Qxd4 Bc6 21. h4 Qc7
22. f3 Rbd8 23. Rfe1 Qa5 24. a3 Qh5 25. Qf2 Qg6 26. Bh3 Bd7 27. Bxd7 Rxd7 28.
Rd5 Rc7 29. Re2 Rc5 30. Rdd2 Qe6 31. b4 Rc6 32. Rd5 Rec8 33. Red2 R8c7 34. g4 f6
35. Qg2 Qc8 36. g5 hxg5 37. hxg5 fxg5 38. Rxg5 Rc2 39. Rgd5 Rxd2 40. Rxd2 Qe6
41. Qh3 Qc4 42. Kg2 Rf7 43. Qg3 Be7 44. Qg4 Qb3 45. Qc8+ Rf8 46. Qc3 Qf7 47. Qd3
Qg6+ 48. Kf1 Qg3 49. Qd5+ Rf7 50. e5 dxe5 51. Bxe5 Qxf3+ 52. Qxf3 Rxf3+ 53. Ke2
Rxa3 54. Rd7 Kf7 55. Rxb7 Ke6 56. Bxg7 1/2-1/2

[Event "29th Czech Rapid G1 2018"]
[Site "Pardubice CZE"]
[Date "2018.07.19"]
[Round "8.15"]
[White "Skliarov, Viktor"]
[Black "Mozharov, Mikhail"]
[Result "1/2-1/2"]
[WhiteTitle "IM"]
[BlackTitle "GM"]
[WhiteElo "2357"]
[BlackElo "2542"]
[WhiteFideId "14106736"]
[BlackFideId "4189825"]
[EventDate "2018.07.18"]

1. e4 c5 2. Nf3 Nc6 3. Bb5 g6 4. O-O Bg7 5. Re1 Nf6 6. e5 Nd5 7. Nc3 Nc7 8. Bxc6
dxc6 9. Ne4 Ne6 10. d3 O-O 11. Be3 b6 12. Qd2 Nd4 13. Nxd4 cxd4 14. Bh6 c5 15.
h4 Qd5 16. Bxg7 Kxg7 17. Qg5 Qe6 18. h5 h6 19. Qg3 Qf5 20. hxg6 fxg6 21. a4 Be6
22. a5 Rfc8 23. axb6 axb6 24. Nd2 Bd5 25. Rxa8 Rxa8 26. e6 Qg5 27. Qxg5 hxg5 28.
Re5 Ra1+ 29. Kh2 Ba2 30. b4 Kf6 31. Re2 Bd5 32. bxc5 bxc5 33. Kg3 Ra2 34. Nf3
Bb3 35. Ne1 Bxe6 36. f3 Bd5 37. Kf2 e5 38. g4 c4 39. dxc4 Bxc4 40. Nd3 Ra5 41.
Rd2 Bd5 42. Nb4 Bb7 43. Nd3 Ke6 44. Rd1 Ra2 45. Nc5+ Kd5 46. Nxb7 Rxc2+ 47. Kg3
Rc3 48. Kf2 Rc2+ 49. Kg3 Rc3 50. Kf2 1/2-1/2

[Event "29th Czech Rapid G1 2018"]
[Site "Pardubice CZE"]
[Date "2018.07.19"]
[Round "8.16"]
[White "Manik, Mikulas"]
[Black "Sadhwani, Raunak"]
[Result "1/2-1/2"]
[WhiteTitle "GM"]
[BlackTitle "FM"]
[WhiteElo "2400"]
[BlackElo "2409"]
[WhiteFideId "14900734"]
[BlackFideId "35093487"]
[EventDate "2018.07.18"]

1. e4 c6 2. d4 d5 3. exd5 cxd5 4. Bd3 Nc6 5. c3 Nf6 6. h3 g6 7. Nf3 Bg7 8. O-O
O-O 9. Re1 Bf5 10. Bf4 Bxd3 11. Qxd3 e6 12. Nbd2 Rc8 13. Ne5 Nxe5 14. Bxe5 Qb6
15. Rab1 Rfd8 16. a3 Qc6 17. Qf3 Ne8 18. Bxg7 Kxg7 19. Qf4 Qc7 20. Qh4 Nd6 21.
Re5 b5 22. g4 a5 23. Rbe1 Re8 24. f4 b4 25. axb4 axb4 26. R5e3 bxc3 27. bxc3 Ra8
28. Qg3 Ra2 29. R1e2 Rc2 30. Qf3 Rc8 31. f5 exf5 32. Qxd5 Rc1+ 33. Kg2 Qc6 34.
Re5 Rxc3 35. Nf3 Qxd5 36. Rxd5 Nc4 37. Kf2 f4 38. Rd7 Ra8 39. Ng5 Kf6 40. h4 Kg7
41. Rxf7+ Kg8 42. Rc7 Ne3 43. Rxc3 Nd1+ 44. Kf3 Nxc3 45. Re7 Nd5 46. Rb7 Re8 47.
Nxh7 Re3+ 48. Kf2 Rh3 49. Rd7 Rxh4 50. Rxd5 Kxh7 51. Kf3 Rh1 52. Kxf4 Kh6 53.
Re5 Rf1+ 54. Kg3 Rg1+ 55. Kf3 Rf1+ 56. Ke4 Rg1 57. g5+ Kh5 58. d5 Rd1 59. Kf3
Rd3+ 60. Ke2 Rd4 61. Ke3 Rd1 62. Ke4 Kg4 63. Re6 Kxg5 64. d6 Re1+ 65. Kd5 Rd1+
66. Kc6 Kf5 67. Re8 Rc1+ 68. Kb6 Rb1+ 69. Kc7 Rc1+ 70. Kd8 g5 71. d7 g4 72. Re3
Rd1 73. Ke7 Kf4 74. Re6 Rxd7+ 75. Kxd7 g3 76. Rg6 Kf3 77. Rxg3+ Kxg3 1/2-1/2

[Event "29th Czech Rapid G1 2018"]
[Site "Pardubice CZE"]
[Date "2018.07.19"]
[Round "8.17"]
[White "Grekh, Andrey"]
[Black "Kobo, Ori"]
[Result "1/2-1/2"]
[WhiteTitle "IM"]
[BlackTitle "GM"]
[WhiteElo "2400"]
[BlackElo "2508"]
[WhiteFideId "14112418"]
[BlackFideId "2812320"]
[EventDate "2018.07.18"]

1. Nf3 d5 2. g3 g6 3. Bg2 Bg7 4. d4 c6 5. O-O Nf6 6. Nbd2 O-O 7. Re1 Bf5 8. c3
Qb6 9. Qb3 Qc7 10. Nh4 Be6 11. Nhf3 a5 12. Ng5 Bf5 13. e4 dxe4 14. Ndxe4 Nxe4
15. Nxe4 Nd7 16. Bf4 Qc8 17. Ng5 e6 18. Rad1 a4 19. Qb4 h6 20. Nf3 Bg4 21. h3
Bxf3 22. Bxf3 Rd8 23. c4 Nf6 24. Be5 Rd7 25. d5 cxd5 26. Bxf6 Bxf6 27. cxd5 exd5
28. Bg4 h5 29. Bxd7 Qxd7 30. h4 Rd8 31. Rd3 Kg7 32. Red1 d4 33. b3 axb3 34. Rxb3
Qg4 35. Rbd3 Rd7 36. Qc5 Re7 37. Qd5 b6 38. Qf3 Qe6 39. a3 Qc4 40. Kg2 Re6 41.
Qf4 Be5 42. Qf3 Bf6 43. R1d2 Re1 44. Rd1 1/2-1/2

[Event "29th Czech Rapid G1 2018"]
[Site "Pardubice CZE"]
[Date "2018.07.19"]
[Round "8.18"]
[White "Neuman, Petr"]
[Black "Valenta, Vit"]
[Result "1-0"]
[WhiteTitle "GM"]
[BlackTitle "FM"]
[WhiteElo "2440"]
[BlackElo "2039"]
[WhiteFideId "305243"]
[BlackFideId "307440"]
[EventDate "2018.07.18"]

1. d4 Nf6 2. c4 g6 3. Nc3 Bg7 4. e4 d6 5. Nf3 O-O 6. Be2 e5 7. Be3 Nc6 8. d5 Ne7
9. Nd2 Nd7 10. b4 a5 11. a3 f5 12. f3 fxe4 13. fxe4 b6 14. Nf3 h6 15. O-O g5 16.
Nd2 Nf6 17. c5 bxc5 18. bxc5 Ng6 19. g3 Bh3 20. Rf2 Qd7 21. Nc4 Ng4 22. Rxf8+
Rxf8 23. Qd2 Nxe3 24. Nxe3 dxc5 25. Bf1 Bg4 26. Be2 Bxe2 27. Nxe2 Nf4 28. Nf5
Ne6 29. Rc1 Nd4 30. Nexd4 cxd4 31. Qxa5 Rf7 32. a4 Bf8 33. Qa6 Kh7 34. Qe6 Bg7
35. Rc6 Qxe6 36. dxe6 Rf8 37. Rxc7 Rg8 38. Rxg7+ Rxg7 39. Nxg7 Kxg7 40. a5 1-0

[Event "29th Czech Rapid G1 2018"]
[Site "Pardubice CZE"]
[Date "2018.07.19"]
[Round "8.19"]
[White "Shkuran, Danylo"]
[Black "Kolasa, Pjotrs"]
[Result "1-0"]
[WhiteTitle "IM"]
[WhiteElo "2381"]
[BlackElo "2021"]
[WhiteFideId "14106248"]
[BlackFideId "11604255"]
[EventDate "2018.07.18"]

1. e4 e5 2. Nf3 Nc6 3. Bb5 Nf6 4. Qe2 Bc5 5. c3 Qe7 6. d3 O-O 7. O-O d6 8. Be3
Bxe3 9. fxe3 a6 10. Ba4 b5 11. Bc2 Rb8 12. Nbd2 Qd8 13. h3 Ne7 14. Nh4 Ng6 15.
Nf5 c5 16. Rf2 Bxf5 17. exf5 Ne7 18. g4 d5 19. g5 Nd7 20. Qg4 f6 21. h4 Kh8 22.
Raf1 c4 23. Rg2 Nc6 24. dxc4 bxc4 25. Ba4 Rb6 26. e4 Nc5 27. Bxc6 Rxc6 28. exd5
Rd6 29. gxf6 Qxf6 30. Qxc4 Nd7 31. Ne4 Qe7 32. Nxd6 Qxd6 33. Qc6 Rf6 34. Qxd6
Rxd6 35. c4 a5 36. Rf3 Nc5 37. Ra3 a4 38. b4 1-0

[Event "29th Czech Rapid G1 2018"]
[Site "Pardubice CZE"]
[Date "2018.07.19"]
[Round "8.20"]
[White "Sarkar, Justin"]
[Black "Cerveny, Martin"]
[Result "0-1"]
[WhiteTitle "IM"]
[BlackTitle "IM"]
[WhiteElo "2307"]
[BlackElo "2359"]
[WhiteFideId "2010011"]
[BlackFideId "321141"]
[EventDate "2018.07.18"]

1. e4 c5 2. Nf3 d6 3. d4 cxd4 4. Nxd4 Nf6 5. Nc3 a6 6. h4 e5 7. Nde2 Be6 8. Bg5
Nbd7 9. h5 Rc8 10. h6 g6 11. Qd2 Be7 12. f4 b5 13. Ng3 exf4 14. Bxf4 Ne5 15. a4
b4 16. Nd5 Bxd5 17. exd5 Qa5 18. Bg5 O-O 19. Bxf6 Bxf6 20. Ne4 Be7 21. Be2 f5
22. Nf2 Bf6 23. O-O Nc4 24. Bxc4 Rxc4 25. Qe2 Qc7 26. c3 bxc3 27. bxc3 Be5 28.
Rab1 Rh4 29. Nh3 Rxa4 30. Rb4 Rxb4 31. cxb4 Qb6+ 32. Kh1 Qxb4 33. Qxa6 Qh4 0-1

[Event "29th Czech Rapid G1 2018"]
[Site "Pardubice CZE"]
[Date "2018.07.19"]
[Round "8.21"]
[White "Matviishen, Viktor"]
[Black "Barak, Gil"]
[Result "1-0"]
[WhiteTitle "IM"]
[WhiteElo "2423"]
[BlackElo "1993"]
[WhiteFideId "14129850"]
[BlackFideId "2812690"]
[EventDate "2018.07.18"]

1. d4 d5 2. c4 e6 3. Nf3 c5 4. cxd5 exd5 5. Nc3 Nc6 6. g3 Nf6 7. Bg2 Be7 8. O-O
O-O 9. Bg5 c4 10. Ne5 Be6 11. b3 cxb3 12. axb3 h6 13. Bxf6 Bxf6 14. Nxc6 bxc6
15. Na4 Qd6 16. e3 Qb4 17. Qc2 g6 18. Rfc1 Kg7 19. Qa2 Bf5 20. Rxc6 Rac8 21.
Rxc8 Rxc8 22. Nc5 Bxd4 23. exd4 Qxd4 24. b4 Qxb4 25. Na6 Qb6 26. Qxd5 Rc2 27.
Qe5+ Kh7 28. Qe3 Qb2 29. Re1 Be6 30. Qxa7 Re2 31. Rxe2 Qc1+ 32. Bf1 1-0

[Event "29th Czech Rapid G1 2018"]
[Site "Pardubice CZE"]
[Date "2018.07.19"]
[Round "8.22"]
[White "Chekletsov, Ilya"]
[Black "Potapov, Alexander1"]
[Result "1-0"]
[WhiteTitle "IM"]
[BlackTitle "GM"]
[WhiteElo "2395"]
[BlackElo "2404"]
[WhiteFideId "24177156"]
[BlackFideId "4115074"]
[EventDate "2018.07.18"]

1. d4 f5 2. c4 Nf6 3. Nc3 d6 4. g3 g6 5. Bg2 Bg7 6. Nf3 O-O 7. O-O Qe8 8. Nd5
Nxd5 9. cxd5 Nd7 10. Be3 Nb6 11. Qb3 a5 12. a4 e6 13. dxe6 Bxe6 14. Qc2 c6 15.
Rad1 Bd5 16. Ne1 Qe6 17. Bxd5 Nxd5 18. Ng2 Rae8 19. Qb3 Nxe3 20. Qxe6+ Rxe6 21.
fxe3 d5 22. Rd3 Rfe8 23. Rb3 R6e7 24. Kf2 Kf7 25. Rc1 Ke6 26. Rc5 Ra8 27. Nf4+
Kd6 28. Rb6 Rae8 29. Nxd5 Rxe3 30. Nxe3 Bxd4 31. Rd5+ Kc7 32. Rxd4 Kxb6 33. Rd7
Re4 34. b3 Rb4 35. Nc4+ Ka6 36. Rd3 b5 37. axb5+ Kxb5 38. Kf3 a4 39. Nd6+ Kc5
40. bxa4 Rxa4 41. Nf7 Kb6 42. Ng5 h6 43. Nf7 Ra7 44. Nxh6 Rh7 45. Ng8 Rxh2 46.
Ne7 c5 47. Rd6+ Kb5 48. Rxg6 c4 49. Nxf5 c3 50. Ne3 Rh8 51. Ke4 Kb4 52. Rb6+ Kc5
53. Rb3 1-0

[Event "29th Czech Rapid G1 2018"]
[Site "Pardubice CZE"]
[Date "2018.07.19"]
[Round "8.23"]
[White "Vusatiuk, Vladimir"]
[Black "Gutman, Gennadi"]
[Result "1-0"]
[WhiteTitle "IM"]
[BlackTitle "GM"]
[WhiteElo "2321"]
[BlackElo "2476"]
[WhiteFideId "14118610"]
[BlackFideId "14102277"]
[EventDate "2018.07.18"]

1. d4 Nf6 2. c4 Nc6 3. Nf3 e6 4. g3 Bb4+ 5. Nbd2 d6 6. Bg2 e5 7. dxe5 dxe5 8.
O-O O-O 9. a3 Bxd2 10. Bxd2 Qe7 11. Bc3 a5 12. Qc2 a4 13. Rad1 Qc5 14. Nd2 Re8
15. Ne4 Qxc4 16. Nxf6+ gxf6 17. Be4 Kg7 18. Bxh7 Qg4 19. Be4 Rh8 20. f4 Be6 21.
fxe5 Bb3 22. exf6+ Kg8 23. Qd3 Bxd1 24. Rxd1 Qh3 25. Qe3 Qxh2+ 26. Kf1 Qh3+ 27.
Kf2 Qg4 28. Rd5 Rh2+ 29. Bg2 Kh8 30. Rg5 Qh3 31. Qf3 Re8 32. Kg1 Qh7 33. Qg4 Nd8
34. Rg7 Rxg2+ 35. Kxg2 Qe4+ 36. Qxe4 Rxe4 37. Kf3 Re8 38. Rg4 b5 39. Rd4 Kh7 40.
Rd7 c6 41. Ba5 Ne6 42. Rxf7+ Kg6 43. Re7 Rxe7 44. fxe7 Kf7 45. Ke4 Kxe7 46. Ke5
Kd7 47. g4 Ke7 48. Bd2 Kd7 49. g5 1-0

[Event "29th Czech Rapid G1 2018"]
[Site "Pardubice CZE"]
[Date "2018.07.19"]
[Round "8.24"]
[White "Mirzoeva, Elmira"]
[Black "Burdalev, Kirill"]
[Result "1/2-1/2"]
[WhiteTitle "WGM"]
[BlackTitle "FM"]
[WhiteElo "2249"]
[BlackElo "2377"]
[WhiteFideId "4127951"]
[BlackFideId "14121913"]
[EventDate "2018.07.18"]

1. d4 Nf6 2. Bf4 c5 3. e3 d5 4. c3 e6 5. Nd2 Bd6 6. Bg3 O-O 7. Bd3 Qc7 8. Ngf3
Nbd7 9. Qe2 e5 10. dxe5 Nxe5 11. Nxe5 Bxe5 12. Nf3 Bxg3 13. hxg3 Bg4 14. Qc2 h6
15. O-O Rad8 16. c4 d4 17. exd4 Bxf3 18. gxf3 Rxd4 19. Rad1 Rfd8 20. Be2 Qe5 21.
f4 Qe6 22. Rxd4 Rxd4 23. Rd1 Qd6 24. Rxd4 Qxd4 25. Bf3 b6 26. b3 h5 27. Qd1
Qxd1+ 28. Bxd1 Kf8 29. Kf1 Ke7 30. Bf3 g6 31. Ke2 Ne8 32. f5 Nd6 33. fxg6 fxg6
34. Kd3 Kf6 35. a3 a5 36. Bc6 g5 37. Bd5 Ke5 38. Ke3 Nf5+ 39. Kd3 h4 40. gxh4
gxh4 41. Kc3 Kf4 42. b4 axb4+ 43. axb4 h3 44. bxc5 bxc5 45. Kd3 Nd4 46. Bh1 Nf3
47. Ke2 Ne5 48. Bd5 Nd7 49. Kf1 Nf6 50. Be6 Ng4 51. Bd5 Nh2+ 52. Ke2 Ng4 53. Kf1
Ke5 54. Kg1 Kd4 55. Be6 h2+ 56. Kg2 Nxf2 57. Kxh2 Ne4 58. Kg2 Nd2 59. Kf2 Nxc4
60. Ke2 Kc3 61. Kd1 Nb2+ 62. Kc1 Nd3+ 63. Kd1 Nf4 64. Bf7 Kd4 65. Kd2 Nd5 66.
Bxd5 Kxd5 67. Kd3 c4+ 68. Kc3 Kc5 69. Kc2 1/2-1/2

[Event "29th Czech Rapid G1 2018"]
[Site "Pardubice CZE"]
[Date "2018.07.19"]
[Round "8.25"]
[White "Gabr, Mohsen"]
[Black "Dolezal, Radoslav1"]
[Result "0-1"]
[WhiteTitle "FM"]
[BlackTitle "IM"]
[WhiteElo "2287"]
[BlackElo "2368"]
[WhiteFideId "10619593"]
[BlackFideId "304735"]
[EventDate "2018.07.18"]

1. Nf3 d5 2. g3 c6 3. Bg2 Bf5 4. d3 h6 5. O-O e6 6. Nbd2 Nf6 7. e3 Nbd7 8. Qe2
Be7 9. e4 dxe4 10. dxe4 Bh7 11. b3 O-O 12. Bb2 Qc7 13. Rad1 Rfd8 14. h3 a5 15.
a4 Rab8 16. Kh2 b5 17. Ra1 Ne8 18. axb5 cxb5 19. Nd4 a4 20. N2f3 Qb6 21. bxa4
bxa4 22. Ba3 Bxa3 23. Rxa3 Nc5 24. Re3 Nc7 25. c3 Nb5 26. Ne5 Nxd4 27. cxd4 Rxd4
28. Rc1 Qd6 29. Nc4 Qd8 30. Ne5 Qd6 31. Nc4 Qa6 32. Qh5 Rxc4 33. Bf1 Rxc1 34.
Bxa6 Nxa6 35. Qa5 Nc5 36. Qc7 Rf8 37. f3 Nb3 38. Qa7 Rc2+ 39. Kg1 Rd8 40. Re1
Nd4 41. Rf1 Ne2+ 42. Kf2 Nc3+ 43. Kg1 Bg6 44. Rf2 Rd1+ 45. Kg2 Rcc1 46. h4 h5
47. Kh3 Rh1+ 48. Rh2 Rhf1 49. Rb2 Rxf3 50. Qa8+ Kh7 51. Rb4 Rg1 52. Rb8 Bxe4 53.
Rh8+ Kg6 0-1

[Event "29th Czech Rapid G1 2018"]
[Site "Pardubice CZE"]
[Date "2018.07.19"]
[Round "8.27"]
[White "Zaitsev, Alexander"]
[Black "Bente, Bjoern"]
[Result "1-0"]
[WhiteTitle "GM"]
[BlackTitle "FM"]
[WhiteElo "2499"]
[BlackElo "2219"]
[WhiteFideId "4164490"]
[BlackFideId "4638611"]
[EventDate "2018.07.18"]

1. e4 e6 2. d4 d5 3. Nc3 Nf6 4. e5 Nfd7 5. Nf3 c5 6. dxc5 Nc6 7. Bf4 Nxc5 8. Qd2
Be7 9. h4 a6 10. h5 h6 11. Rh3 b5 12. O-O-O b4 13. Ne2 Ne4 14. Qe3 a5 15. Ned4
Nxd4 16. Nxd4 Bd7 17. f3 Nc5 18. Rg3 Kf8 19. Kb1 a4 20. Rg4 Qa5 21. Qd2 Qa7 22.
Be3 b3 23. cxb3 axb3 24. a3 Qb7 25. Rc1 Na4 26. Be2 Bxa3 27. bxa3 Nb6 28. Qb4+ 1-0

[Event "29th Czech Rapid G1 2018"]
[Site "Pardubice CZE"]
[Date "2018.07.19"]
[Round "8.28"]
[White "Claridge-Hansen, William"]
[Black "Maltsevskaya, Aleksandra"]
[Result "1-0"]
[WhiteTitle "FM"]
[WhiteElo "2291"]
[BlackElo "2261"]
[WhiteFideId "422509"]
[BlackFideId "24174041"]
[EventDate "2018.07.18"]

1. c4 Nf6 2. g3 g6 3. Bg2 Bg7 4. Nc3 O-O 5. e4 d6 6. Nge2 e5 7. O-O Nc6 8. d3
Nd7 9. Be3 Nc5 10. Rb1 a5 11. b3 Ne6 12. f4 exf4 13. gxf4 f5 14. d4 Nb4 15. a3
Na6 16. b4 axb4 17. axb4 Bh8 18. d5 Ng7 19. e5 Nh5 20. e6 Nf6 21. h3 Qe7 22. Re1
Rb8 23. Ba7 Ra8 24. Bf2 Nh5 25. Qd2 Rb8 26. Bf3 Nf6 27. Kh2 c5 28. bxc5 Nxc5 29.
Bxc5 dxc5 30. Ng3 Ng4+ 31. Kg2 Ra8 32. hxg4 fxg4 33. Bxg4 Qh4 34. Bf3 Ra3 35.
Nb5 Rxf3 36. Kxf3 g5 37. d6 b6 38. Nc7 g4+ 39. Ke2 Qxg3 40. Kd1 Rxf4 41. d7 Qf3+
42. Re2 Qf1+ 43. Kc2 Rxc4+ 44. Kb3 Rb4+ 45. Ka3 Bb2+ 46. Rxb2 Qf3+ 47. Re3 Qb7
48. d8=Q+ 1-0

[Event "29th Czech Rapid G1 2018"]
[Site "Pardubice CZE"]
[Date "2018.07.19"]
[Round "8.29"]
[White "Jazdanovs, Aleksandrs"]
[Black "Kulkarni, Chinmay"]
[Result "1/2-1/2"]
[WhiteElo "2205"]
[BlackElo "2336"]
[WhiteFideId "11604492"]
[BlackFideId "5023513"]
[EventDate "2018.07.18"]

1. e4 c5 2. Nf3 Nc6 3. Nc3 g6 4. d4 cxd4 5. Nxd4 Bg7 6. Be3 Nf6 7. Bc4 O-O 8.
Bb3 d5 9. exd5 Na5 10. O-O Nxb3 11. axb3 Nxd5 12. Nxd5 Qxd5 13. c4 Qe4 14. Nb5
Bg4 15. Qc1 Qd3 16. f3 Bf5 17. Nc3 Bd4 18. Bxd4 Qxd4+ 19. Kh1 Be6 20. Rd1 Qb6
21. Qc2 Rad8 22. Ne4 Bf5 23. c5 Qc6 24. h3 a6 25. b4 Qe6 26. Rxd8 Rxd8 27. Rd1
Rxd1+ 28. Qxd1 Bxe4 29. Qd8+ Kg7 30. Qd4+ Qf6 31. Qxe4 Qxb2 32. Qxb7 a5 33. c6
a4 34. c7 a3 35. c8=Q a2 36. Qxe7 a1=Q+ 37. Kh2 Qe5+ 38. Qxe5+ Qxe5+ 39. Kg1 1/2-1/2

[Event "29th Czech Rapid G1 2018"]
[Site "Pardubice CZE"]
[Date "2018.07.19"]
[Round "8.30"]
[White "Sinauridze, Simons"]
[Black "Meleshko, Vladimir"]
[Result "0-1"]
[BlackTitle "FM"]
[WhiteElo "2088"]
[BlackElo "2268"]
[WhiteFideId "11604468"]
[BlackFideId "14111055"]
[EventDate "2018.07.18"]

1. e4 c5 2. Nf3 Nc6 3. Bb5 g6 4. O-O Bg7 5. c3 Qb6 6. Qe2 Nf6 7. Bxc6 Qxc6 8. e5
Nd5 9. d4 cxd4 10. cxd4 O-O 11. Nbd2 b5 12. Ne4 d6 13. Bg5 Bb7 14. Rac1 Qb6 15.
Qd2 Rfe8 16. Bh6 Bh8 17. Neg5 f6 18. exf6 exf6 19. Nh3 f5 20. Nf4 Nxf4 21. Qxf4
Re4 22. Qg5 Rae8 23. h3 R4e6 24. Qg3 Bxf3 25. Qxf3 Qxd4 26. Qb7 R6e7 27. Qxb5
Be5 28. b3 Kh8 29. Rc7 Qb6 30. Qxb6 axb6 31. Rxe7 Rxe7 32. Be3 b5 33. Rd1 Kg8
34. Rd5 b4 35. Rb5 Bc3 36. Rb6 Rd7 37. Bf4 d5 38. Bd6 d4 39. Kf1 d3 40. f3 d2
41. Ke2 Be5 42. Rxb4 0-1

[Event "29th Czech Rapid G1 2018"]
[Site "Pardubice CZE"]
[Date "2018.07.19"]
[Round "8.31"]
[White "Hasangatin, Ramil"]
[Black "Mosesov, Danylo"]
[Result "1/2-1/2"]
[WhiteTitle "GM"]
[BlackTitle "FM"]
[WhiteElo "2497"]
[BlackElo "2282"]
[WhiteFideId "4122160"]
[BlackFideId "14149494"]
[EventDate "2018.07.18"]

1. e4 c5 2. Nf3 e6 3. g3 a6 4. Bg2 b5 5. O-O Bb7 6. Re1 d6 7. d3 Nf6 8. e5 dxe5
9. Nxe5 Bxg2 10. Kxg2 Nbd7 11. Nxd7 Qxd7 12. Qf3 Qd5 13. Nc3 Qxf3+ 14. Kxf3 h6
15. a4 b4 16. Ne4 Nd7 17. Nd2 Bd6 18. Nc4 Bc7 19. b3 Ke7 20. Bb2 f6 21. Kg2 Kf7
22. d4 Rhd8 23. Rad1 cxd4 24. Bxd4 e5 25. Be3 Nf8 26. Bc5 a5 27. Bb6 Bxb6 28.
Nxb6 Rab8 29. Nc4 Ne6 30. Nxa5 Nd4 31. Rc1 Rbc8 32. Nc4 g5 33. h3 h5 34. Red1
Kg6 35. Rd2 g4 36. Ra1 Ra8 37. a5 Ra6 38. Ra4 Rb8 39. Nb6 Nf3 40. Rd1 Nd4 41.
Rd2 Nf3 42. Rd6 Ne1+ 43. Kh2 Nxc2 44. Rxf6+ Kxf6 45. Nd7+ Ke7 46. Nxb8 Ra8 47.
Nc6+ Kd6 48. Nxb4 Nd4 49. a6 Nxb3 50. a7 Nd4 51. Nd3 Nc6 52. hxg4 hxg4 53. Rxg4
Rxa7 54. Kg2 Nd4 55. Rg6+ Kd5 56. Rg5 Re7 57. f4 Ke4 58. Nf2+ Kd5 59. Ng4 Ke4
60. Nf6+ Kd3 61. fxe5 Nc6 62. Ng4 Ke4 63. Rh5 Re6 64. Kh3 Nd4 65. Rh8 Nf3 66.
Rf8 Ng1+ 67. Kg2 Ne2 68. Rf2 Nd4 69. Rf4+ Kd5 70. Kh3 Nc6 71. Kh4 Ne7 72. Rf6
Nc6 73. Kg5 Nd4 74. Rf8 Ne2 75. Kh4 Nd4 76. Rf6 Nc6 77. Rf1 Nd4 78. Rd1 Ke4 79.
Re1+ Kd5 80. Nf6+ Kc4 81. Kg4 Nc6 82. Kf5 Nd4+ 83. Kf4 Re7 84. g4 Ne6+ 85. Kf5
Nd4+ 86. Ke4 Rxe5+ 87. Kxe5 Nf3+ 88. Kd6 Nxe1 89. g5 Nf3 90. g6 Nh4 1/2-1/2

[Event "29th Czech Rapid G1 2018"]
[Site "Pardubice CZE"]
[Date "2018.07.19"]
[Round "8.32"]
[White "Pulpan, Jakub"]
[Black "Semjonovs, Ilja"]
[Result "0-1"]
[WhiteTitle "IM"]
[WhiteElo "2386"]
[BlackElo "2219"]
[WhiteFideId "302759"]
[BlackFideId "11604263"]
[EventDate "2018.07.18"]

1. a3 e5 2. c4 Nf6 3. Nc3 Nc6 4. e3 d5 5. cxd5 Nxd5 6. Nf3 g6 7. Bb5 Bg7 8. Qa4
Ne7 9. d4 exd4 10. Nxd4 Bd7 11. Nxc6 Nxc6 12. Qe4+ Qe7 13. Qxe7+ Nxe7 14. Bxd7+
Kxd7 15. Bd2 Rad8 16. O-O-O Kc8 17. Ne4 Nc6 18. Ng5 Rd7 19. Bc3 Bxc3 20. bxc3 h6
21. Rxd7 Kxd7 22. Ne4 Ke7 23. Nc5 b6 24. Na6 Rc8 25. Rd1 Ne5 26. Kc2 c5 27. a4
Ng4 28. a5 Nxf2 29. axb6 axb6 30. Rb1 Rc6 31. Nb8 Rd6 32. Ra1 Ne4 33. Ra7+ Ke6
34. Na6 Rd2+ 35. Kc1 Rxg2 36. Nc7+ Ke5 37. Ne8 f5 38. c4 Ke6 39. h4 Nd6 40. Nc7+
Ke5 41. Nd5 Nxc4 42. Nf4 Rg1+ 0-1

[Event "29th Czech Rapid G1 2018"]
[Site "Pardubice CZE"]
[Date "2018.07.19"]
[Round "8.33"]
[White "Piscopo, Pierluigi"]
[Black "Tsvetkov, Andrey"]
[Result "0-1"]
[WhiteTitle "IM"]
[BlackTitle "CM"]
[WhiteElo "2389"]
[BlackElo "2259"]
[WhiteFideId "809152"]
[BlackFideId "34139360"]
[EventDate "2018.07.18"]

1. Nf3 d5 2. g3 c6 3. Bg2 Bg4 4. d3 Nd7 5. O-O Ngf6 6. c4 e6 7. Be3 Bd6 8. Qb3
Qc7 9. Rc1 O-O 10. cxd5 exd5 11. Nc3 a6 12. Nd4 Nc5 13. Qd1 Qd7 14. Bg5 Be7 15.
Bd2 Ne6 16. Nf3 Bd6 17. Na4 Rae8 18. Bc3 d4 19. Nxd4 Nxd4 20. Bxd4 Bxe2 21. Qd2
Qf5 22. Nc5 Bxc5 23. Bxc5 Bxd3 24. Bxf8 Re2 25. Qf4 Qxf4 26. gxf4 Kxf8 27. Re1
Rxe1+ 28. Rxe1 Bf5 29. Re5 g6 30. a4 Nh5 31. Be4 f6 32. Bxf5 fxe5 33. Bc8 a5 34.
fxe5 b5 35. Bd7 bxa4 36. Bxc6 Ke7 37. Bd5 Nf4 38. Bc4 g5 39. Kf1 Ng6 40. Ke2
Nxe5 41. Bb5 Kd6 42. Bxa4 Kd5 43. Bc2 h6 44. Bf5 Kd4 45. h3 Nc4 46. b3 Nd6 47.
Be6 Ke4 48. Bd7 Nf7 49. Bc6+ Kd4 50. Bd7 Ne5 51. Be6 Ng6 52. Kf3 Nf4 53. Bd7 Kc3
54. h4 Kxb3 55. hxg5 hxg5 56. Kg4 Nd3 57. Be6+ Kc3 58. Kxg5 Nxf2 59. Kf4 a4 60.
Ke3 Nd3 61. Ke2 Nf4+ 0-1